埼玉西武ライオンズ投手応援歌クイズ - Statistics

General Stats
  • This quiz has been taken 26 times
  • The average score is 14 of 31
Answer Stats
Hint Answer % Correct
投げ放つ勇姿は 全てを越えて今日もみんなの胸に 刻み込まれゆく 西口文也
90%
ただ一筋目指せ 祈りを捧げよう望むものはそのスピードで 世界をつかめ 松坂大輔
90%
君がいるから 共に闘えるよ僕らは待ってる 喜びのヒーローさ 涌井秀章
90%
捻って落とせ!食い込め直球!退くな負けるな (選手名)! 岸孝之
81%
気持ちを込めて 投げろ(選手名)勝ち星あげろ 全力で突き進め 菊池雄星
81%
唸るシュートが冴え渡る 勝利を勝ち取るスライダー勝利を目指せ勝利を目指せ 我らのエースだ(選手名) 東尾修
71%
ハートのエースの 切り札は速球勝負だ ジョーカーも逃げる 渡辺久信
62%
気迫火の玉 左腕がしなる大空にスパイク 光らせてぶん投げろ 工藤公康
62%
オーオーオーオーオー パームボールのジャングルさ投げつけてゆけ レッツゴー(選手名) 帆足和幸
62%
銀河を走る オリエンタル特急キリキリ舞いの速球で 三振の山 郭泰源
52%
男は男はVサイン 男は男はヴィクトリーパワフル全開 ターボエンジン 潮崎哲也
52%
巧みにかわせ 浮き上がれ魔球勝利を手にしろ (選手名) 牧田和久
52%
修羅場をくぐり 修羅場に耐えて男は男の顔作る 我慢に耐えて それ行け(選手名) 小野和義
48%
ズバッと一発 決めてゆけシャットアウトだ (選手名) 大沼幸二
43%
左サイドから深く 胸元えぐる魔球は火を吹き 三振シャッフル 星野智樹
38%
スーパーストップ パーフェクトで決めろ縦横無尽に揺さぶり飛ばせ (選手名)ダイナミック 小野寺力
38%
スタンド揺るがせスタンドどよめかせ 男一匹サムライだラララ(選手名)ゴーゴーゴー(選手名) たのむぞ 石井丈裕
33%
燃え広がれこのスタジアム いっぱいにその左腕が放つ 栄光の炎よ 石井一久
33%
1人のマウンドは 日暮れの街さ男は背中に ロマンを背負う 松沼博久
29%
男は黙る 嵐の道で曲球熱球投げまくり 1人守るよマウンドを 鹿取義隆
29%
地平の果てから 日は昇る若き男よロマンを胸に 行け行けそれ行け 男(選手名) 白鳥浩徳
29%
宇宙基地だぜマウンドは スポットライトのシャワーを浴びて飛び出せ飛び出せ (選手名) 杉山賢人
29%
男(選手名)よ 戦う戦士空に羽ばたけ大空へ 火の玉ボールで 三振の山   その右腕ひとつ 思いを込めて 力と技で ねじ込み倒せ 石井貴
29%
男は荒野の一匹狼 狙いは三振凡打の山だ吠えろ吠えろ(選手名) 吠えろ(選手名) 村田勝喜
24%
マウンドは灼けつく砂丘 マウンドは男のロマン捻り伏せろよ男一匹 (選手名)(選手名)勝利を目指せ 長見賢司
19%
蹴り上げるスパイクに 男火花を散らせ炎と燃えろマウンドで ソレいけいけいけ(選手名) 大塚賢一
19%
陽はまた昇るグランドに 男の出番だ野球戦士不屈の闘志で それ行け(選手名) 藤本修二
19%
南十字のキラリと輝く 君は星だ走れよ砂漠を 若き獅子 渡辺智男
14%
地平線に陽はまた昇る 投げろ荒野の獲物を狙い鋭い爪で三振の山 男の夜明けだ (選手名)(選手名)(選手名) ヤング
14%
華麗な左でなぎ倒せ マウンド姿が眩しいぜ打ち奪れ倒せ バッターを(選手名) 高木宣宏
14%
行けマウンドの 大海原を若武者目指せ 夜明けの海 鈴木哲
10%
No matching quizzes found
Score Distribution
Percent of People with Each Score
Percentile by Number Answered
Your Score History
You have not taken this quiz